[Event "NM Junior Gruppe A 2002"]
[Site "Tjele"]
[Date "2002.02.14"]
[Round "1"]
[White "Andersson, Rikard"]
[Black "Verkasalo, Tommi"]
[Result "0-1"]
[WhiteElo "2175"]
[BlackElo "2057"]
[PlyCount "44"]
[EventDate "2002.??.??"]

1. e4 c5 2. Nf3 Nc6 3. b4 cxb4 4. d4 d5 5. exd5 Qxd5 6. c4 bxc3 7. Nxc3 Qa5 8.
Bd2 Nf6 9. Bc4 e6 10. Nd5 Qd8 11. Nxf6+ Qxf6 12. Bg5 Bb4+ 13. Bd2 Bxd2+ 14.
Qxd2 O-O 15. O-O b6 16. Qe3 Bb7 17. Bb5 Nb4 18. Ne5 Nc2 19. Qh3 Nxa1 20. Bd3 g6
21. f4 Rac8 22. Rxa1 Qxf4 0-1

[Event "NM Junior Gruppe A 2002"]
[Site "Tjele"]
[Date "2002.02.14"]
[Round "1"]
[White "Hansen, Victor"]
[Black "Kjartansson, David"]
[Result "0-1"]
[WhiteElo "2151"]
[BlackElo "2235"]
[PlyCount "68"]
[EventDate "2002.??.??"]

1. Nf3 d6 2. e4 g6 3. d4 Bg7 4. Bc4 Nf6 5. Qe2 O-O 6. O-O a6 7. a4 Bg4 8. c3
Nc6 9. Rd1 e5 10. h3 Bxf3 11. Qxf3 Qe7 12. d5 Na5 13. Ba2 b5 14. b4 Nb7 15.
axb5 axb5 16. Na3 Nh5 17. Nxb5 f5 18. exf5 Rxf5 19. Qe2 Nd8 20. Be3 Nf7 21. Qc4
Nf4 22. Bxf4 Rxf4 23. Qxc7 Qf6 24. Rd2 Bh6 25. Qb7 Rf8 26. Qb6 Rxb4 27. Re2 Rh4
28. Nc7 Ng5 29. Ne6 Nxh3+ 30. gxh3 Qf3 31. Ng5 Qxe2 32. Bc4 Rxc4 33. Ra7 Qe1+
34. Kg2 Qxf2+ 0-1

[Event "NM Junior Gruppe A 2002"]
[Site "Tjele"]
[Date "2002.02.14"]
[Round "1"]
[White "Liitiaeinen, Elia"]
[Black "Helledie, Anders"]
[Result "0-1"]
[WhiteElo "2190"]
[BlackElo "2112"]
[PlyCount "60"]
[EventDate "2002.??.??"]

1. e4 e6 2. d4 d5 3. exd5 exd5 4. Bd3 Bd6 5. Nf3 Bg4 6. O-O Nc6 7. c3 Qd7 8.
Nbd2 Nge7 9. Re1 O-O-O 10. b4 Ng6 11. Qa4 Kb8 12. b5 Nce7 13. Ba3 f6 14. Bc5
Nc8 15. Qb3 Nf4 16. Bf1 Qf5 17. Re3 Qg6 18. Kh1 h5 19. a4 b6 20. Ba3 h4 21. h3
Bf5 22. c4 Bc2 23. Qc3 dxc4 24. Qxc4 Bxa3 25. Rexa3 Nd6 26. Qc3 Bd3 27. Ne1 Ne4
28. Bxd3 Nxf2+ 29. Kg1 N2xd3 30. Qc2 Rhe8 0-1

[Event "NM Junior Gruppe A 2002"]
[Site "Tjele"]
[Date "2002.02.14"]
[Round "1"]
[White "Lund, Martin"]
[Black "Borchgrevink, Harald Bonaventura"]
[Result "0-1"]
[WhiteElo "1851"]
[BlackElo "2168"]
[PlyCount "62"]
[EventDate "2002.??.??"]

1. d4 d5 2. c4 e6 3. Nc3 c6 4. Nf3 dxc4 5. a4 Bb4 6. Bd2 a5 7. e3 b5 8. axb5
Bxc3 9. Bxc3 cxb5 10. b3 Bb7 11. bxc4 b4 12. Bd2 Nf6 13. Bd3 Nbd7 14. O-O O-O
15. Qc2 Qc7 16. Ng5 h6 17. Nh7 Nxh7 18. Bxh7+ Kh8 19. Bd3 e5 20. Qb2 Rfe8 21.
f3 Qd6 22. Rfe1 e4 23. fxe4 Nc5 24. Bc2 Nxe4 25. Bxe4 Bxe4 26. c5 Qd5 27. Rac1
Bxg2 28. Bxb4 Be4 29. Bc3 Re6 30. Re2 Rf6 31. Be1 Qf5 0-1

[Event "NM Junior Gruppe A 2002"]
[Site "Tjele"]
[Date "2002.02.14"]
[Round "1"]
[White "Olsson, Simon"]
[Black "Kristjansson, Stefan"]
[Result "0-1"]
[WhiteElo "2059"]
[BlackElo "2389"]
[PlyCount "48"]
[EventDate "2002.??.??"]

1. d4 Nf6 2. c4 e6 3. Nc3 Bb4 4. a3 Bxc3+ 5. bxc3 b6 6. f3 d5 7. e3 O-O 8. cxd5
exd5 9. Bd3 c5 10. Ne2 Re8 11. O-O Ba6 12. Re1 Qd7 13. Qc2 Bxd3 14. Qxd3 Qa4
15. Bd2 Nc6 16. Ng3 Rad8 17. Qf5 Re6 18. Ne2 Na5 19. Nf4 Rc6 20. e4 dxe4 21. d5
Rcd6 22. fxe4 g6 23. Qh3 Nxe4 24. Ra2 Nxd2 0-1

[Event "NM Junior Gruppe A 2002"]
[Site "Tjele"]
[Date "2002.02.14"]
[Round "2"]
[White "Borchgrevink, Harald Bonaventura"]
[Black "Kristjansson, Stefan"]
[Result "0-1"]
[WhiteElo "2168"]
[BlackElo "2389"]
[PlyCount "74"]
[EventDate "2002.??.??"]

1. d4 Nf6 2. Nf3 e6 3. c4 b6 4. Bf4 Bb4+ 5. Nbd2 Bb7 6. a3 Be7 7. h3 c5 8. dxc5
bxc5 9. e3 O-O 10. Bd3 d6 11. Qc2 Nbd7 12. Ng5 h6 13. Nge4 Qb6 14. O-O a5 15.
b3 Rfd8 16. Rab1 Qc6 17. Bh2 Ne8 18. f3 Ne5 19. Be2 f5 20. Nf2 Bg5 21. e4 f4
22. h4 Bxh4 23. Bxf4 Ng6 24. Bh2 e5 25. Rfd1 Nc7 26. Nf1 Ne6 27. Ne3 Nd4 28.
Qb2 Rf8 29. Bf1 Qd7 30. Nf5 Nxf5 31. exf5 Rxf5 32. Bd3 Bxf2+ 33. Qxf2 e4 34.
Bc2 Rf6 35. Qxc5 exf3 36. Rxd6 f2+ 37. Qxf2 Qxd6 0-1

[Event "NM Junior Gruppe A 2002"]
[Site "Tjele"]
[Date "2002.02.14"]
[Round "2"]
[White "Hansen, Victor"]
[Black "Lund, Martin"]
[Result "0-1"]
[WhiteElo "2151"]
[BlackElo "1851"]
[PlyCount "54"]
[EventDate "2002.??.??"]

1. Nf3 g6 2. e4 Bg7 3. d4 d6 4. Bc4 Nf6 5. Qe2 c6 6. Bb3 Bg4 7. O-O O-O 8. c3
Nbd7 9. Be3 Nxe4 10. h3 Bxf3 11. Qxf3 d5 12. Nd2 Nxd2 13. Bxd2 e5 14. Be3 exd4
15. Bxd4 Bxd4 16. cxd4 Qf6 17. Qd3 Rfe8 18. Rae1 Nf8 19. Bc2 Ne6 20. Rd1 Nf4
21. Qf3 Ne2+ 22. Kh1 Qxf3 23. gxf3 Nf4 24. Kh2 Re2 25. Rc1 Rae8 26. Rfd1 Rxf2+
27. Kg3 Ree2 0-1

[Event "NM Junior Gruppe A 2002"]
[Site "Tjele"]
[Date "2002.02.14"]
[Round "2"]
[White "Liitiaeinen, Elia"]
[Black "Andersson, Rikard"]
[Result "0-1"]
[WhiteElo "2190"]
[BlackElo "2175"]
[PlyCount "44"]
[EventDate "2002.??.??"]

1. e4 c5 2. Nc3 e6 3. g3 Nc6 4. Bg2 Nf6 5. d3 d5 6. exd5 Nxd5 7. Nxd5 exd5 8.
Ne2 Be7 9. Nf4 d4 10. O-O O-O 11. Re1 Bd6 12. Bd2 Ne5 13. h3 Rb8 14. c4 Bf5 15.
Be4 Bxe4 16. Rxe4 Qd7 17. Qc2 Nf3+ 18. Kg2 f5 19. Re2 Bxf4 20. Bxf4 Qc6 21. Kf1
Nh4 22. Re7 Rbe8 0-1

[Event "NM Junior Gruppe A 2002"]
[Site "Tjele"]
[Date "2002.02.14"]
[Round "2"]
[White "Olsson, Simon"]
[Black "Simonsen, Hans Kristian"]
[Result "1-0"]
[WhiteElo "2059"]
[BlackElo "2234"]
[PlyCount "89"]
[EventDate "2002.??.??"]

1. d4 Nf6 2. c4 e6 3. Nc3 Bb4 4. a3 Bxc3+ 5. bxc3 O-O 6. e3 b6 7. Bd3 Bb7 8. f3
d6 9. e4 Nc6 10. Ne2 Qd7 11. O-O e5 12. Bg5 Ne8 13. Qa4 f6 14. Be3 Rd8 15. Qc2
Na5 16. f4 Ba6 17. c5 Bxd3 18. Qxd3 exd4 19. cxd4 dxc5 20. Qc2 cxd4 21. Nxd4
Rf7 22. e5 fxe5 23. fxe5 Rxf1+ 24. Rxf1 c5 25. Qa2+ c4 26. e6 Qd6 27. Rf7 Nf6
28. Rxg7+ Kxg7 29. Nf5+ Kf8 30. Nxd6 Rxd6 31. Bg5 Ne4 32. e7+ Ke8 33. h4 Nxg5
34. hxg5 Kxe7 35. Qe2+ Re6 36. Qh5 c3 37. Qxh7+ Kd6 38. Qd3+ Ke5 39. Qxc3+ Kf5
40. Qh3+ Ke5 41. Qh5 Nc6 42. g6+ Kd6 43. g7 Ne7 44. Qe8 Rg6 45. Qxg6+ 1-0

[Event "NM Junior Gruppe A 2002"]
[Site "Tjele"]
[Date "2002.02.14"]
[Round "2"]
[White "Poulsen, Martin"]
[Black "Helledie, Anders"]
[Result "1-0"]
[WhiteElo "2101"]
[BlackElo "2112"]
[PlyCount "57"]
[EventDate "2002.??.??"]

1. e4 e6 2. d4 d5 3. Nd2 Nf6 4. e5 Nfd7 5. Ngf3 c5 6. c4 Nb6 7. cxd5 Nxd5 8.
Nb3 Nd7 9. Bd3 Qc7 10. Qe2 Nb4 11. Bb1 b6 12. O-O Ba6 13. Qe4 Rc8 14. Rd1 Bb7
15. Qg4 cxd4 16. Bf4 Bxf3 17. Qxf3 Nd5 18. Bg3 Nxe5 19. Qh5 Bd6 20. Nxd4 g6 21.
Qe2 Qc4 22. Qe1 f6 23. Nxe6 Bb4 24. Qe4 Qxe4 25. Bxe4 Ne7 26. a3 Kf7 27. Ng5+
fxg5 28. Bxe5 Rhe8 29. axb4 1-0

[Event "NM Junior Gruppe A 2002"]
[Site "Tjele"]
[Date "2002.02.14"]
[Round "2"]
[White "Verkasalo, Tommi"]
[Black "Kjartansson, David"]
[Result "1-0"]
[WhiteElo "2057"]
[BlackElo "2235"]
[PlyCount "90"]
[EventDate "2002.??.??"]

1. e4 c5 2. Nc3 e6 3. f4 Nc6 4. Nf3 g6 5. d4 cxd4 6. Nxd4 a6 7. Nxc6 dxc6 8.
Qxd8+ Kxd8 9. Be3 Kc7 10. O-O-O Bb4 11. Na4 b5 12. Bb6+ Kb7 13. Bd4 f6 14. Nc5+
Kc7 15. a3 Bxc5 16. Bxc5 Nh6 17. Be2 Nf7 18. Be7 f5 19. e5 Bb7 20. Bf3 Rhe8 21.
Bf6 Rac8 22. b4 Ra8 23. Rd3 a5 24. Rhd1 Bc8 25. Kb2 axb4 26. axb4 Ra6 27. Kb3
Ra7 28. Rd4 Ra6 29. h3 Rb6 30. g4 Ra6 31. g5 Ra8 32. Kb2 Ra6 33. Kb3 Ra8 34.
R4d2 h5 35. gxh6 Nxh6 36. Rg2 Ng8 37. Rxg6 Nxf6 38. Rxf6 Re7 39. h4 Rg7 40. h5
Bd7 41. Rg6 Rh7 42. c3 Re8 43. Rdg1 Ree7 44. h6 Re8 45. Rd1 Ra8 1-0

[Event "NM Junior Gruppe A 2002"]
[Site "Tjele"]
[Date "2002.02.15"]
[Round "3"]
[White "Borchgrevink, Harald Bonaventura"]
[Black "Poulsen, Martin"]
[Result "0-1"]
[WhiteElo "2168"]
[BlackElo "2101"]
[PlyCount "113"]
[EventDate "2002.??.??"]

1. d4 d5 2. Nf3 Nf6 3. c4 c6 4. Nc3 dxc4 5. a4 Bf5 6. e3 e6 7. Bxc4 Bb4 8. O-O
O-O 9. Nh4 Nbd7 10. Nxf5 exf5 11. Qf3 g6 12. Rd1 Qa5 13. Ne2 Nb6 14. Bb3 Rad8
15. Nf4 Nbd5 16. Nd3 Bd6 17. Bd2 Qc7 18. g3 Rfe8 19. a5 a6 20. Rdc1 Qe7 21. Ra4
h5 22. Nf4 Nxf4 23. gxf4 Ne4 24. Bc3 Qh4 25. h3 Qe7 26. Rd1 Kh7 27. Bc4 Rd7 28.
Qg2 Rg8 29. Kf1 Rdd8 30. Be1 Qc7 31. Raa1 Rde8 32. Rac1 Qe7 33. f3 Nf6 34. Bh4
Kg7 35. Re1 Bb4 36. Re2 Qd6 37. Bd3 Nd5 38. Qg1 Nxf4 39. Bg3 Nxe2 40. Bxe2 Qe7
41. Rd1 Bxa5 42. d5 cxd5 43. Rxd5 Bc7 44. Be1 Kh7 45. Bd3 Rd8 46. e4 fxe4 47.
fxe4 Qf6+ 48. Ke2 Rxd5 49. exd5 Re8+ 50. Kd1 Qxb2 51. Qf1 Qb3+ 52. Bc2 Qxd5+
53. Kc1 Kg7 54. Bd2 Be5 55. h4 Rc8 56. Qe1 Qd4 57. Qxe5+ 0-1

[Event "NM Junior Gruppe A 2002"]
[Site "Tjele"]
[Date "2002.02.15"]
[Round "3"]
[White "Helledie, Anders"]
[Black "Kjartansson, David"]
[Result "0-1"]
[WhiteElo "2112"]
[BlackElo "2235"]
[PlyCount "106"]
[EventDate "2002.??.??"]

1. e4 e6 2. d3 c5 3. g3 Nc6 4. Bg2 d6 5. Nc3 g6 6. Be3 Bg7 7. Qd2 Rb8 8. Nge2
b5 9. a3 Nd4 10. O-O Ne7 11. Rac1 O-O 12. Bh6 b4 13. axb4 Nxe2+ 14. Nxe2 Bxh6
15. Qxh6 cxb4 16. Nd4 Bd7 17. Nf3 f6 18. d4 Qb6 19. h4 e5 20. Rfd1 Bg4 21. Qe3
Rfc8 22. Qb3+ Kg7 23. Rd2 a5 24. Nh2 Bd7 25. dxe5 fxe5 26. Rcd1 Rc6 27. Nf3 Bg4
28. Ng5 Rf8 29. Kh2 Rf6 30. f3 Bc8 31. Bh3 Qb8 32. Ra1 h6 33. Ne6+ Bxe6 34.
Bxe6 Qb6 35. Bc4 Qc5 36. Bf1 Rc8 37. Bg2 g5 38. h5 Nc6 39. Rd5 Qf2 40. Rf1 Qe2
41. c3 Rcf8 42. Qa4 Ne7 43. Qd7 R8f7 44. Rxa5 Qxb2 45. Ra8 Ng6 46. Qc8 Nf8 47.
cxb4 Qxb4 48. Kh1 Qb3 49. Rb8 Qa3 50. Rb7 Rxb7 51. Qxb7+ Rf7 52. Qc8 Rd7 53.
Rb1 g4 0-1

[Event "NM Junior Gruppe A 2002"]
[Site "Tjele"]
[Date "2002.02.15"]
[Round "3"]
[White "Kristjansson, Stefan"]
[Black "Verkasalo, Tommi"]
[Result "0-1"]
[WhiteElo "2389"]
[BlackElo "2057"]
[PlyCount "42"]
[EventDate "2002.??.??"]

1. d4 d6 2. e4 Nf6 3. Nc3 g6 4. Be3 c6 5. h3 Nbd7 6. f4 Bg7 7. Qf3 Qa5 8. O-O-O
O-O 9. Kb1 Rb8 10. g4 b5 11. g5 Nh5 12. h4 Nb6 13. f5 Ba6 14. Nh3 b4 15. Ne2 c5
16. Nc1 c4 17. Nf4 Nxf4 18. Qxf4 Na4 19. Rh2 Nxb2 20. Rhd2 Qa3 21. Bh3 Na4 0-1

[Event "NM Junior Gruppe A 2002"]
[Site "Tjele"]
[Date "2002.02.15"]
[Round "3"]
[White "Liitiaeinen, Elia"]
[Black "Hansen, Victor"]
[Result "1-0"]
[WhiteElo "2190"]
[BlackElo "2151"]
[PlyCount "55"]
[EventDate "2002.??.??"]

1. e4 c6 2. d4 d5 3. exd5 cxd5 4. Bd3 Nc6 5. c3 Nf6 6. Bg5 Bg4 7. Qb3 Na5 8.
Qa4+ Bd7 9. Qc2 Qb6 10. Nd2 Rc8 11. Ngf3 Bb5 12. O-O Bxd3 13. Qxd3 Nd7 14. Ne5
Nxe5 15. dxe5 e6 16. Be3 Qxb2 17. Rab1 Rxc3 18. Qd4 Qa3 19. Qxa7 Rxe3 20. fxe3
Nc6 21. Qxb7 Qxe3+ 22. Kh1 Nd8 23. Qb5+ Ke7 24. Qb4+ Ke8 25. Qa4+ Ke7 26. Rb8
f6 27. Qa5 Kf7 28. Qxd8 1-0

[Event "NM Junior Gruppe A 2002"]
[Site "Tjele"]
[Date "2002.02.15"]
[Round "3"]
[White "Lund, Martin"]
[Black "Olsson, Simon"]
[Result "1/2-1/2"]
[WhiteElo "1851"]
[BlackElo "2059"]
[PlyCount "40"]
[EventDate "2002.??.??"]

1. d4 e6 2. Nf3 d5 3. c4 Nf6 4. Bg5 Nbd7 5. Nc3 Bb4 6. a3 Bxc3+ 7. bxc3 O-O 8.
e3 c5 9. cxd5 exd5 10. Be2 Re8 11. O-O c4 12. Qc2 Qa5 13. Bxf6 Nxf6 14. Nd2 Bd7
15. Bf3 Ba4 16. Qb2 Bc6 17. Rfe1 Rab8 18. Qb4 Qc7 19. Qb1 Qa5 20. Qb4 Qc7
1/2-1/2

[Event "NM Junior Gruppe A 2002"]
[Site "Tjele"]
[Date "2002.02.15"]
[Round "3"]
[White "Simonsen, Hans Kristian"]
[Black "Andersson, Rikard"]
[Result "1-0"]
[WhiteElo "2234"]
[BlackElo "2175"]
[PlyCount "93"]
[EventDate "2002.??.??"]

1. d4 Nf6 2. Nf3 g6 3. g3 Bg7 4. Bg2 O-O 5. O-O c5 6. c4 cxd4 7. Nxd4 d6 8. Nc3
Nbd7 9. b3 Nc5 10. Bb2 a6 11. Qd2 Rb8 12. Rfd1 Bd7 13. Rac1 b6 14. Nc6 Bxc6 15.
Bxc6 Qc8 16. Bg2 Qf5 17. Qe1 b5 18. Nd5 Nxd5 19. Rxd5 Qe6 20. Bxg7 Kxg7 21. Qd2
b4 22. f4 f5 23. Re1 a5 24. e4 fxe4 25. Bxe4 Qf6 26. h4 a4 27. bxa4 b3 28. axb3
Rxb3 29. Rg5 Nxe4 30. Rxe4 h6 31. Rg4 Rb1+ 32. Re1 Rfb8 33. h5 Qa1 34. Rxg6+
Kh7 35. Rge6 Rxe1+ 36. Rxe1 Qf6 37. Qe3 Re8 38. Kg2 Qf7 39. Qe4+ Kh8 40. Qd5
Qxd5+ 41. cxd5 Kg7 42. a5 Kf7 43. Rc1 Ra8 44. Ra1 Ra7 45. Kf3 e6 46. Ke4 Kf8
47. g4 1-0

[Event "NM Junior Gruppe A 2002"]
[Site "Tjele"]
[Date "2002.02.15"]
[Round "4"]
[White "Andersson, Rikard"]
[Black "Hansen, Victor"]
[Result "0-1"]
[WhiteElo "2175"]
[BlackElo "2151"]
[PlyCount "82"]
[EventDate "2002.??.??"]

1. e4 c6 2. d4 d5 3. exd5 cxd5 4. Nf3 Nf6 5. c4 e6 6. Nc3 Bb4 7. Bd3 dxc4 8.
Bxc4 O-O 9. O-O b6 10. Bg5 Be7 11. Ne5 Bb7 12. Re1 Kh8 13. d5 b5 14. Bxb5 exd5
15. Qd4 Ng8 16. Be3 Bf6 17. Qf4 Ne7 18. Bc5 Bxe5 19. Qxe5 Ng6 20. Qd4 Rg8 21.
Bxa7 Nc6 22. Bxc6 Bxc6 23. a4 Qg5 24. Re3 Nf4 25. Rg3 Qh6 26. Bb6 Ne6 27. Qe3
Qxe3 28. fxe3 Rgb8 29. Bd4 Nxd4 30. exd4 Rxb2 31. a5 Rd2 32. a6 g6 33. Re3 Rxd4
34. Re7 Rc4 35. Ne2 Kg8 36. a7 d4 37. Rc7 d3 38. Rb1 dxe2 39. Rb8+ Kg7 40. Kf2
Rf4+ 41. Kxe2 Bxg2 0-1

[Event "NM Junior Gruppe A 2002"]
[Site "Tjele"]
[Date "2002.02.15"]
[Round "4"]
[White "Borchgrevink, Harald Bonaventura"]
[Black "Olsson, Simon"]
[Result "1/2-1/2"]
[WhiteElo "2168"]
[BlackElo "2059"]
[PlyCount "103"]
[EventDate "2002.??.??"]

1. d4 e6 2. c4 d5 3. Nf3 Nf6 4. Nc3 Bb4 5. e3 O-O 6. Bd2 b6 7. cxd5 exd5 8. Bd3
c5 9. a3 cxd4 10. axb4 dxc3 11. Bxc3 Ne4 12. Qc2 f5 13. O-O Nd7 14. Rfd1 Ndf6
15. Qb3 Bb7 16. Bxf6 Qxf6 17. Ba6 Bxa6 18. Rxa6 Qe6 19. Nd4 Qd7 20. f3 Ng5 21.
b5 Ne6 22. Nxe6 Qxe6 23. Qxd5 Qxd5 24. Rxd5 Rad8 25. Rd4 f4 26. Kf2 Rxd4 27.
exd4 Rf5 28. g3 Rxb5 29. gxf4 Rxb2+ 30. Ke3 Rxh2 31. Rxa7 Kf8 32. f5 h5 33. Kf4
Re2 34. Rb7 h4 35. Rxb6 h3 36. Rb8+ Ke7 37. Rh8 h2 38. Kg3 Rd2 39. Rxh2 Rxd4
40. Rh4 Rxh4 41. Kxh4 Kf6 42. Kg4 g6 43. f4 gxf5+ 44. Kh5 Kf7 45. Kg5 Kg7 46.
Kxf5 Kf7 47. Kg5 Kg7 48. f5 Kf7 49. f6 Kf8 50. Kg6 Kg8 51. f7+ Kf8 52. Kf6
1/2-1/2

[Event "NM Junior Gruppe A 2002"]
[Site "Tjele"]
[Date "2002.02.15"]
[Round "4"]
[White "Helledie, Anders"]
[Black "Lund, Martin"]
[Result "1-0"]
[WhiteElo "2112"]
[BlackElo "1851"]
[PlyCount "51"]
[EventDate "2002.??.??"]

1. e4 c5 2. Nc3 Nc6 3. g3 g6 4. Bg2 Bg7 5. d3 d6 6. f4 Rb8 7. Nf3 Bg4 8. h3
Bxf3 9. Qxf3 Nd4 10. Qf2 e6 11. Nd1 Ne7 12. O-O f5 13. Ne3 O-O 14. c3 Ndc6 15.
Bd2 b5 16. g4 b4 17. exf5 exf5 18. gxf5 gxf5 19. Kh1 bxc3 20. Bxc3 Nd4 21. Rg1
Kh8 22. Rae1 Ng6 23. Bd5 Bf6 24. Ref1 Nb5 25. Rxg6 hxg6 26. Qh4+ 1-0

[Event "NM Junior Gruppe A 2002"]
[Site "Tjele"]
[Date "2002.02.15"]
[Round "4"]
[White "Poulsen, Martin"]
[Black "Verkasalo, Tommi"]
[Result "1-0"]
[WhiteElo "2101"]
[BlackElo "2057"]
[PlyCount "101"]
[EventDate "2002.??.??"]

1. e4 c5 2. Nc3 Nc6 3. Bb5 g6 4. Bxc6 bxc6 5. f4 Bg7 6. Nf3 d5 7. Qe2 d4 8. Nd1
a5 9. a4 Nf6 10. d3 Bg4 11. O-O O-O 12. b3 Nd7 13. Nf2 Bxf3 14. Qxf3 f5 15.
exf5 Rxf5 16. Qxc6 e5 17. Ne4 Kh8 18. Ng3 Rf6 19. Qe4 Qf8 20. f5 gxf5 21. Rxf5
Rc8 22. Bg5 Rxf5 23. Qxf5 Qxf5 24. Nxf5 Bf6 25. Bd2 Nb6 26. Ng3 Nd5 27. Ne4 Kg7
28. Rf1 Kg6 29. g4 h6 30. Rf5 Rc6 31. Bxa5 Ne3 32. Rxf6+ Rxf6 33. Nxf6 Kxf6 34.
Bd2 Nxc2 35. a5 Na3 36. a6 Nb5 37. Ba5 Kg5 38. Bb6 Kxg4 39. Kf2 Kf4 40. a7 Nxa7
41. Bxa7 e4 42. Bxc5 exd3 43. Bxd4 Ke4 44. Be3 h5 45. Bd2 h4 46. Kg2 h3+ 47.
Kg3 Kd5 48. Kxh3 Kc6 49. Kg4 Kb7 50. Kf3 Ka8 51. Ke4 1-0

[Event "NM Junior Gruppe A 2002"]
[Site "Tjele"]
[Date "2002.02.15"]
[Round "4"]
[White "Simonsen, Hans Kristian"]
[Black "Liitiaeinen, Elia"]
[Result "1-0"]
[WhiteElo "2234"]
[BlackElo "2190"]
[PlyCount "77"]
[EventDate "2002.??.??"]

1. g3 Nf6 2. Bg2 d5 3. Nf3 Bg4 4. O-O Nbd7 5. c4 c6 6. d3 e6 7. Nbd2 Be7 8. b3
O-O 9. Bb2 Qb6 10. Qc2 Rad8 11. Rac1 Rfe8 12. Rfe1 a5 13. a3 Bh5 14. Rb1 Bc5
15. d4 Bf8 16. c5 Qc7 17. Rbc1 Bg6 18. Qc3 Ne4 19. Nxe4 dxe4 20. Nd2 e5 21. e3
exd4 22. exd4 Nf6 23. Nc4 a4 24. bxa4 Nd5 25. Qb3 f5 26. Bc3 Rb8 27. Ba5 Qd7
28. Ne5 Qe6 29. Bb6 Nxb6 30. Qxb6 Be7 31. Bf1 Kh8 32. Bc4 Qc8 33. Bf7 Bg5 34.
Bxe8 Bxe8 35. Rb1 f4 36. Rxe4 Bh5 37. Rbe1 f3 38. Qb3 Qf5 39. g4 1-0

[Event "NM Junior Gruppe A 2002"]
[Site "Tjele"]
[Date "2002.02.16"]
[Round "5"]
[White "Andersson, Rikard"]
[Black "Helledie, Anders"]
[Result "1/2-1/2"]
[WhiteElo "2175"]
[BlackElo "2112"]
[PlyCount "106"]
[EventDate "2002.??.??"]

1. Nf3 Nf6 2. g3 g6 3. Bg2 Bg7 4. d4 d6 5. O-O O-O 6. c4 Nc6 7. Nc3 Rb8 8. h3
Na5 9. b3 a6 10. Qd3 c5 11. Rd1 Bd7 12. dxc5 dxc5 13. Bf4 Rc8 14. Rac1 Qb6 15.
Ne5 Bc6 16. e4 Nh5 17. Nxc6 Nxc6 18. Nd5 Qd8 19. Be3 e6 20. Nc3 Qa5 21. g4 Rcd8
22. Qc2 Nf6 23. e5 Nxe5 24. Bxb7 Rxd1+ 25. Rxd1 Nfxg4 26. hxg4 Nxg4 27. Ne2 Qc7
28. Qe4 h5 29. Bf4 e5 30. Bg3 Kh7 31. Qc6 Qe7 32. Rd7 Qg5 33. Qh1 Nxf2 34. Qf3
Ng4 35. b4 cxb4 36. c5 e4 37. Bxe4 Qxc5+ 38. Kg2 Kg8 39. Bd6 Qg5 40. Bxf8 Ne5+
41. Qg3 Qxg3+ 42. Nxg3 Nxd7 43. Bxb4 Bf8 44. Be1 Nc5 45. Bf3 Nd3 46. Ba5 Nb4
47. a4 Nd3 48. Ne4 f5 49. Ng5 Bd6 50. Bd5+ Kf8 51. Bc4 Nb2 52. Bb3 Ke7 53. Bc3
Nd3 1/2-1/2

[Event "NM Junior Gruppe A 2002"]
[Site "Tjele"]
[Date "2002.02.16"]
[Round "5"]
[White "Hansen, Victor"]
[Black "Borchgrevink, Harald Bonaventura"]
[Result "0-1"]
[WhiteElo "2151"]
[BlackElo "2168"]
[PlyCount "84"]
[EventDate "2002.??.??"]

1. e4 c5 2. Nf3 e6 3. d4 cxd4 4. Nxd4 a6 5. Be2 Qc7 6. O-O Nf6 7. Bf3 Nc6 8.
Nxc6 dxc6 9. c4 Bc5 10. Nc3 e5 11. Na4 Bd4 12. Bg5 Be6 13. Qc2 h6 14. Bxf6 gxf6
15. c5 h5 16. h3 Qe7 17. Rac1 Qf8 18. b4 Qg7 19. Kh2 Qg5 20. Qe2 h4 21. Nb6 Rd8
22. a4 O-O 23. Nc4 f5 24. exf5 Bxf5 25. Nd6 Bg6 26. g3 Rd7 27. Rg1 hxg3+ 28.
fxg3 Bxg1+ 29. Rxg1 Rfd8 30. h4 Qf6 31. Bg4 Rxd6 32. cxd6 Rxd6 33. Re1 Rd4 34.
Rf1 Qd6 35. Qf3 Qxb4 36. h5 Rd2+ 37. Kh3 Qb2 38. Rh1 Rd3 39. Qf6 Be4 40. Rh2
Qa3 41. Qxe5 Qd6 42. Qe8+ Kg7 0-1

[Event "NM Junior Gruppe A 2002"]
[Site "Tjele"]
[Date "2002.02.16"]
[Round "5"]
[White "Kjartansson, David"]
[Black "Olsson, Simon"]
[Result "1-0"]
[WhiteElo "2235"]
[BlackElo "2059"]
[PlyCount "45"]
[EventDate "2002.??.??"]

1. e4 c5 2. Nf3 Nc6 3. Nc3 e6 4. Bb5 Nge7 5. O-O a6 6. Bxc6 Nxc6 7. d4 cxd4 8.
Nxd4 Be7 9. Re1 Bf6 10. Nf3 Qc7 11. Nd5 exd5 12. exd5+ Kf8 13. dxc6 dxc6 14.
Be3 h6 15. Qd3 g6 16. Bd4 Qd6 17. Qc3 Kg7 18. Rad1 Bg4 19. Be5 Qe7 20. Rd4 Bxf3
21. Rf4 Bxe5 22. Rxe5 Qd8 23. Re8+ 1-0

[Event "NM Junior Gruppe A 2002"]
[Site "Tjele"]
[Date "2002.02.16"]
[Round "5"]
[White "Kristjansson, Stefan"]
[Black "Poulsen, Martin"]
[Result "1-0"]
[WhiteElo "2389"]
[BlackElo "2101"]
[PlyCount "81"]
[EventDate "2002.??.??"]

1. c4 e5 2. Nc3 Nc6 3. g3 Bb4 4. Bg2 Bxc3 5. dxc3 d6 6. e4 Qe7 7. Nf3 f5 8. Qb3
Nd8 9. exf5 Bxf5 10. c5 Nf6 11. cxd6 cxd6 12. O-O Be6 13. Qa4+ Bd7 14. Qa3 Bc6
15. Re1 Nf7 16. Bf4 Qc7 17. Rad1 O-O 18. Bc1 b5 19. Ng5 Bxg2 20. Kxg2 Nxg5 21.
Bxg5 Qc6+ 22. f3 e4 23. Bxf6 exf3+ 24. Kf2 Rxf6 25. Qb3+ Kh8 26. Qd5 Qb6+ 27.
Rd4 Raf8 28. Re7 a6 29. Re6 Qd8 30. Qxd6 Qxd6 31. Rdxd6 Rf5 32. Rxa6 Rh5 33. h4
g5 34. Re5 h6 35. Rd6 Kg7 36. Rxb5 Re8 37. a4 g4 38. Rxh5 Re2+ 39. Kf1 Rg2 40.
Rb5 Rxg3 41. Rb7+ 1-0

[Event "NM Junior Gruppe A 2002"]
[Site "Tjele"]
[Date "2002.02.16"]
[Round "5"]
[White "Lund, Martin"]
[Black "Liitiaeinen, Elia"]
[Result "0-1"]
[WhiteElo "1851"]
[BlackElo "2190"]
[PlyCount "44"]
[EventDate "2002.??.??"]

1. d4 Nf6 2. Nf3 e6 3. Bg5 d5 4. Nbd2 c5 5. c3 Be7 6. e3 Nbd7 7. Bd3 b6 8. O-O
Bb7 9. c4 cxd4 10. Nxd4 O-O 11. a3 Ne5 12. Be2 dxc4 13. Bxc4 Nxc4 14. Nxc4 Qd5
15. Qf3 Ba6 16. b3 Qxg5 17. Nc6 Bc5 18. Rac1 Bxc4 19. Rxc4 Qd5 20. Qxd5 exd5
21. Rc2 Rfc8 22. Ne5 Bxa3 0-1

[Event "NM Junior Gruppe A 2002"]
[Site "Tjele"]
[Date "2002.02.16"]
[Round "6"]
[White "Andersson, Rikard"]
[Black "Lund, Martin"]
[Result "1/2-1/2"]
[WhiteElo "2175"]
[BlackElo "1851"]
[PlyCount "96"]
[EventDate "2002.??.??"]

1. e4 g6 2. d4 Bg7 3. Nf3 d6 4. Bc4 Nf6 5. Nc3 c6 6. a4 O-O 7. O-O Qc7 8. h3 b6
9. e5 Ne8 10. Bf4 d5 11. Bd3 Ba6 12. Bxa6 Nxa6 13. Qd2 Qc8 14. Bg5 f6 15. Bh6
Nac7 16. a5 b5 17. b4 f5 18. h4 Ne6 19. Ne2 Bxh6 20. Qxh6 N8g7 21. Ng5 Nxg5 22.
Qxg5 Rf7 23. Nf4 Ne6 24. Nxe6 Qxe6 25. Qf4 h5 26. Ra3 Kh7 27. Re3 Rg8 28. Rg3
a6 29. Re1 Rgg7 30. Ree3 Rg8 31. Rg5 Rgg7 32. Rf3 Kg8 33. Qe3 Qc8 34. Qc3 e6
35. Qc5 Rc7 36. Rf4 Qf8 37. Qc3 Qe8 38. f3 Rcf7 39. Qc5 Qf8 40. Qc3 Kh7 41. Kf1
Qe7 42. Ke1 Qf8 43. Kd1 Qe7 44. Kc1 Qf8 45. Kb2 Qe7 46. Kb3 Qc7 47. Rg3 Qc8 48.
Rh3 Re7 1/2-1/2

[Event "NM Junior Gruppe A 2002"]
[Site "Tjele"]
[Date "2002.02.16"]
[Round "6"]
[White "Helledie, Anders"]
[Black "Verkasalo, Tommi"]
[Result "1-0"]
[WhiteElo "2112"]
[BlackElo "2057"]
[PlyCount "69"]
[EventDate "2002.??.??"]

1. e4 c5 2. Nc3 Nc6 3. g3 g6 4. Bg2 Bg7 5. d3 d6 6. f4 e6 7. Nf3 Nge7 8. O-O
O-O 9. Be3 Nd4 10. e5 Nef5 11. Bf2 Nxf3+ 12. Qxf3 Bd7 13. Ne4 Bc6 14. Qd1 Rc8
15. g4 dxe5 16. gxf5 exf5 17. Nc3 exf4 18. Bxc6 Rxc6 19. Qf3 Qg5+ 20. Kh1 Qg4
21. Qxg4 fxg4 22. Nd5 Re8 23. Rfe1 Rxe1+ 24. Rxe1 Kf8 25. Nxf4 Bxb2 26. Nd5 Bd4
27. Bg3 Ra6 28. c3 Bf6 29. Nc7 Rxa2 30. Bd6+ Kg7 31. Ne8+ Kh6 32. Nxf6 Kg5 33.
Nxh7+ Kf5 34. Re5+ Kf4 35. Re2+ 1-0